00000000nas##2200000za#4500
0019.500695
003CaOODSP
00520200813121811
007cr |||||||||||
008150406c1989||||xxc|| m o||||f|   |0eng|d
040 |aCaOODSP|beng
041 |aeng
041 |afre
043 |an-cn---
0861 |aCS98-1989-PDF
24500|aMetropolitan atlas series |h[electronic resource]
2461 |iSeries title also given on publication as : |aCensus Canada 1986
260 |aOttawa - Ontario : |bStatistics Canada |c1989.
310 |aIrregular
500 |aHistorical census publication digitized by Statistics Canada.
69007|aCensus data|2gcpds
69007|aDemographic maps|2gcpds
7102 |aStatistics Canada.
792 |tSérie d'atlas métropolitains |efre|w(CaOODSP)9.500696